Most Disliked Youtube Videos Quiz - Statistics

General Stats
  • This quiz has been taken 27 times
  • The average score is 6 of 20
Answer Stats
Rank Creator Dislikes Answer % Correct
2 Justin Bieber 10,548,400 Baby
88%
5 Luis Fonsi 4,035,599 Despacito
77%
7 Rebecca Black 3,503,214 Friday
69%
1 YouTube 16,249,949 Youtube Rewind 2018: Everyone Controls Rewind
69%
14 Psy 2,199,585 Gangnam Style
58%
3 Jake Paul 4,322,492 It's Everyday Bro
46%
20 Nicki Minaj 1,577,803 Anaconda
42%
15 Youtube 2,190,543 Youtuber Rewind: The Shape of 2017
42%
17 Jacob Satorius 2,144,002 Sweatshirt
19%
4 PewDiePie 4,135,919 Can this video get 1 million Dislikes
15%
6 Call Of Duty 3,816,517 Call of Duty: Infinite Warfare Reveal Trailer
12%
9 BibisBeautyPalace 3,008,247 How it is (Wap Bap)
12%
16 LooLoo Kids 2.17million Johny Johny Yes Papa
8%
10 Pinkford's Kids' Songs & Stories 2,725,865 Baby Shark Dance
4%
18 Cocomelon - Nursary Rhymes 1,960,137 Bath Song
4%
11 Get Movies 2,631,006 Masha and the Bear: Recipe for Disaster
4%
19 Mishovy Silenosti 1,855,666 Pokemon Go Song
4%
8 James Charles 3,236,926 tati
4%
12 Aruan Felix 2,563,425 Cortando o Botao do YouTube
0%
13 Logan Paul 2,294,417 So Sorry
0%
No matching quizzes found
Score Distribution
Percent of People with Each Score
Percentile by Number Answered
Your Score History
You have not taken this quiz